000 00435nam a2200193Ia 4500
005 20240823022959.0
008 240823s9999||||xx |||||||||||||| ||und||
020 _a0-14-023336-9
041 _aENGLISH
082 _A823 N3
100 _aShashi Deshpande
245 4 _aThe Binding Vine
250 _a1st
260 _c1993
_b"Penguin Books,New "
500 _aYES
650 _aNovel
_bEnglish
942 _cBK
999 _c180458
_d180458